Estructura del encabalgamiento en la métrica española (Record no. 123499)

MARC details
000 -LEADER
campo de control de longitud fija 00980nam a2200229 i 4500
001 - NÚMERO DE CONTROL
campo de control 123499
003 - IDENTIFICADOR DE NÚMERO DE CONTROL
campo de control ES-MaACL
005 - FECHA Y HORA DE LA ÚLTIMA TRANSACCIÓN
campo de control 20251011063129.0
007 - CAMPO FIJO DE DESCRIPCIÓN FÍSICA--INFORMACIÓN GENERAL
campo de control de longitud fija t|
008 - DATOS DE LONGITUD FIJA--INFORMACIÓN GENERAL
campo de control de longitud fija 070214s1964 sp a |||| | spa d
100 1# - ENTRADA PRINCIPAL--NOMBRE DE PERSONA
Nombre de persona Quilis, Antonio,
Fechas asociadas al nombre 1933-2003
9 (RLIN) 94630
245 10 - MENCIÓN DEL TÍTULO
Título Estructura del encabalgamiento en la métrica española
Resto del título : (contribución a su estudio experimental) /
Mención de responsabilidad, etc. Antonio Quilis.
260 ## - PUBLICACIÓN, DISTRIBUCIÓN, ETC.
Lugar de publicación, distribución, etc. Madrid :
Nombre del editor, distribuidor, etc. [s.n.],
Fecha de publicación, distribución, etc. 1964 (
Fabricante Imp. Aguirre)
300 ## - DESCRIPCIÓN FÍSICA
Extensión 194 p. :
Otras características físicas il. ;
Dimensiones 25 cm.
586 ## - NOTA DE PREMIOS
Nota de premios Premio "Menéndez Pelayo" de 1961. Consejo Superior de Investigaciones Científicas. Patronato Menéndez y Pelayo. Instituto Miguel de Cervantes. Revista de Filología Española, anejo LXXVII
650 #4 - PUNTO DE ACCESO ADICIONAL DE MATERIA--TÉRMINO DE MATERIA
Término de materia o nombre geográfico como elemento de entrada Lengua española-
Subdivisión general Versificación.
9 (RLIN) 147950
650 14 - PUNTO DE ACCESO ADICIONAL DE MATERIA--TÉRMINO DE MATERIA
Término de materia o nombre geográfico como elemento de entrada Versificación.
9 (RLIN) 136980
710 2# - ENTRADA AGREGADA--NOMBRE DE ENTIDAD CORPORATIVA
Nombre de entidad corporativa o nombre de jurisdicción como elemento de entrada Instituto "Miguel de Cervantes"
9 (RLIN) 5133
710 2# - ENTRADA AGREGADA--NOMBRE DE ENTIDAD CORPORATIVA
Nombre de entidad corporativa o nombre de jurisdicción como elemento de entrada Patronato "Marcelino Menéndez Pelayo"
9 (RLIN) 6189
852 ## - LOCALIZACIÓN
Ubicación ES-MaACL
Número de control de estantería C-25807
Holdings
Estatus retirado Estado de pérdida Estado de daño No para préstamo Biblioteca de origen Biblioteca actual Ubicación en estantería Fecha de adquisición Fuente de adquisición Total de préstamos Signatura topográfica completa Código de barras Visto por última vez Precio de reemplazo Tipo de ítem Koha
        Biblioteca del Ateneo de Madrid Biblioteca del Ateneo de Madrid Depósito 2 17/01/2008     C-25807 1128673 23/02/2023 23/02/2023 Libro impreso